000 00575nam a2200229Ia 4500
003 OSt
005 20220923230724.0
006 a|||||r|||| 00| 0
007 ta
008 Pun
024 _a305,069
037 _cTextual
040 _aARTS
_cARTS
_bPun
041 _2Pun
_aPun
082 _aQ8441:21, 153M2
100 _aਹੀਰਾ, ਭਗਤ ਸਿੰਘ
245 0 _aਜਪੁ ਪ੍ਰਵਚਨ
260 _c1982
650 _aਧਰਮ
942 _hQ8441:21, 153M2
_cTEXL
_2CC
999 _c386872
_d386872